| 000 | 00527nam a2200169Ia 4500 | ||
|---|---|---|---|
| 005 | 20250508153603.0 | ||
| 008 | 008 250505s9999 xx 000 0 eng d | ||
| 037 | _aBooks to be hide in OPAC | ||
| 040 |
_aFEDL _beng _cFEDL |
||
| 041 |
_aeng _2eng |
||
| 084 |
_a371.425, IND/O _qFEDL |
||
| 245 | 0 | _aIndustrial arts and vocational education: The shop teacher's professional magazine | |
| 300 | _aiv,424p. | ||
| 546 | _aJanuary, 1946 Vol. 35, No.1 | ||
| 942 |
_cHB _h371.425, IND/O |
||
| 999 |
_c1344133 _d1344133 |
||